<?xml version="1.0" encoding="UTF-8"?>
<record
    xmlns:xsi="http://www.w3.org/2001/XMLSchema-instance"
    xsi:schemaLocation="http://www.loc.gov/MARC21/slim http://www.loc.gov/standards/marcxml/schema/MARC21slim.xsd"
    xmlns="http://www.loc.gov/MARC21/slim">

  <leader>00803nam a22002297a 4500</leader>
  <controlfield tag="008">240604b        mp ||||| |||| 00| 0 mon d</controlfield>
  <datafield tag="020" ind1=" " ind2=" ">
    <subfield code="a">978-99929-0-343-0</subfield>
  </datafield>
  <datafield tag="035" ind1=" " ind2=" ">
    <subfield code="a">5048</subfield>
  </datafield>
  <datafield tag="040" ind1=" " ind2=" ">
    <subfield code="a">DA0445040</subfield>
    <subfield code="b">mon</subfield>
    <subfield code="c">MN-UlNLM</subfield>
    <subfield code="d">MN-UlNLM</subfield>
    <subfield code="e">rda</subfield>
  </datafield>
  <datafield tag="041" ind1=" " ind2=" ">
    <subfield code="a">mon</subfield>
  </datafield>
  <datafield tag="042" ind1=" " ind2=" ">
    <subfield code="a">15247</subfield>
  </datafield>
  <datafield tag="082" ind1=" " ind2=" ">
    <subfield code="2">21</subfield>
    <subfield code="a">927.80436</subfield>
    <subfield code="b">&#x41A;.795</subfield>
  </datafield>
  <datafield tag="100" ind1=" " ind2=" ">
    <subfield code="a">&#x41A;&#x440;&#x435;&#x43C;&#x43D;&#x435;&#x432; &#x411;.</subfield>
  </datafield>
  <datafield tag="245" ind1=" " ind2="0">
    <subfield code="a">&#x412;&#x43E;&#x43B;&#x44C;&#x444;&#x433;&#x430;&#x43D;&#x433; &#x410;&#x43C;&#x430;&#x434;&#x435;&#x439; &#x41C;&#x43E;&#x446;&#x430;&#x440;&#x442;</subfield>
  </datafield>
  <datafield tag="264" ind1=" " ind2=" ">
    <subfield code="a">&#x423;&#x43B;&#x430;&#x430;&#x43D;&#x431;&#x430;&#x430;&#x442;&#x430;&#x440;</subfield>
    <subfield code="b">&#x41C;&#x43E;&#x43D;&#x441;&#x443;&#x434;&#x430;&#x440; &#x425;&#x413;</subfield>
    <subfield code="c">2009</subfield>
  </datafield>
  <datafield tag="300" ind1=" " ind2=" ">
    <subfield code="a">328 &#x445;.</subfield>
  </datafield>
  <datafield tag="336" ind1=" " ind2=" ">
    <subfield code="2">rdacontent</subfield>
    <subfield code="a">text</subfield>
    <subfield code="b">txt</subfield>
  </datafield>
  <datafield tag="337" ind1=" " ind2=" ">
    <subfield code="2">rdamedia</subfield>
    <subfield code="a">unmediated</subfield>
    <subfield code="b">n</subfield>
  </datafield>
  <datafield tag="338" ind1=" " ind2=" ">
    <subfield code="2">rdacarrier</subfield>
    <subfield code="a">volume</subfield>
    <subfield code="b">nc</subfield>
  </datafield>
  <datafield tag="650" ind1=" " ind2=" ">
    <subfield code="a">&#x414;&#x44D;&#x43B;&#x445;&#x438;&#x439;&#x43D; &#x441;&#x43E;&#x434; &#x445;&#x4AF;&#x43C;&#x4AF;&#x4AF;&#x441;, &#x41C;&#x43E;&#x446;&#x430;&#x440;&#x442;, &#x41C;&#x43E;&#x446;&#x430;&#x440;&#x442;&#x44B;&#x43D; &#x443;&#x440;&#x430;&#x43D; &#x431;&#x4AF;&#x442;&#x44D;&#x44D;&#x43B;, &#x41C;&#x43E;&#x446;&#x430;&#x440;&#x442;&#x44B;&#x43D; &#x430;&#x43C;&#x44C;&#x434;&#x440;&#x430;&#x43B;, &#x41C;&#x43E;&#x446;&#x430;&#x440;&#x442;&#x44B;&#x43D; &#x442;&#x443;&#x445;&#x430;&#x439;  ...</subfield>
  </datafield>
  <datafield tag="942" ind1=" " ind2=" ">
    <subfield code="2">10-t</subfield>
    <subfield code="c">BK</subfield>
  </datafield>
  <datafield tag="952" ind1=" " ind2=" ">
    <subfield code="0">0</subfield>
    <subfield code="1">0</subfield>
    <subfield code="4">0</subfield>
    <subfield code="6">bkmon</subfield>
    <subfield code="7">0</subfield>
    <subfield code="8">DA0443</subfield>
    <subfield code="a">DA0445040</subfield>
    <subfield code="b">DA0445040</subfield>
    <subfield code="c">DA0443</subfield>
    <subfield code="d">2024-06-05</subfield>
    <subfield code="g">4800.00</subfield>
    <subfield code="l">0</subfield>
    <subfield code="o">927.80436 / &#x41A;.795</subfield>
    <subfield code="p">DA0445048-3-1</subfield>
    <subfield code="r">2024-06-05</subfield>
    <subfield code="t">27760</subfield>
    <subfield code="y">BK</subfield>
  </datafield>
  <datafield tag="952" ind1=" " ind2=" ">
    <subfield code="0">0</subfield>
    <subfield code="1">0</subfield>
    <subfield code="4">0</subfield>
    <subfield code="6">bkmon</subfield>
    <subfield code="7">0</subfield>
    <subfield code="8">DA0441</subfield>
    <subfield code="a">DA0445040</subfield>
    <subfield code="b">DA0445040</subfield>
    <subfield code="c">DA0441</subfield>
    <subfield code="d">2024-06-05</subfield>
    <subfield code="g">4800.00</subfield>
    <subfield code="l">0</subfield>
    <subfield code="o">927.80436 / &#x41A;.795</subfield>
    <subfield code="p">DA0445048-1-1</subfield>
    <subfield code="r">2024-06-05</subfield>
    <subfield code="t">27520</subfield>
    <subfield code="y">BK</subfield>
  </datafield>
  <datafield tag="952" ind1=" " ind2=" ">
    <subfield code="0">0</subfield>
    <subfield code="1">0</subfield>
    <subfield code="4">0</subfield>
    <subfield code="6">bkmon</subfield>
    <subfield code="7">0</subfield>
    <subfield code="8">DA0441</subfield>
    <subfield code="a">DA0445040</subfield>
    <subfield code="b">DA0445040</subfield>
    <subfield code="c">DA0441</subfield>
    <subfield code="d">2024-06-05</subfield>
    <subfield code="g">4800.00</subfield>
    <subfield code="l">0</subfield>
    <subfield code="o">927.80436 / &#x41A;.795</subfield>
    <subfield code="p">DA0445048-1-2</subfield>
    <subfield code="r">2024-06-05</subfield>
    <subfield code="t">21970</subfield>
    <subfield code="y">BK</subfield>
  </datafield>
  <datafield tag="999" ind1=" " ind2=" ">
    <subfield code="c">741434</subfield>
    <subfield code="d">741491</subfield>
  </datafield>
</record>
